ARRUPE JESUIT UNIVERSITY

CORONAVIRUS -STOP THE SPREAD - CLEAN,DISINFECT,COVER

Learning how to learn (Record no. 44263)

MARC details
000 -LEADER
fixed length control field 00506nam a2200205Ia 4500
003 - CONTROL NUMBER IDENTIFIER
control field 0100
008 - FIXED-LENGTH DATA ELEMENTS--GENERAL INFORMATION
fixed length control field 130303s9999 xx 000 0 und d
040 ## - CATALOGING SOURCE
Transcribing agency ARRUPELIB
050 ## - LIBRARY OF CONGRESS CALL NUMBER
Classification number LB775.M8R34
100 ## - MAIN ENTRY--PERSONAL NAME
Personal name Rambusch, Nancy McCormick
245 ## - TITLE STATEMENT
Title Learning how to learn
245 ## - TITLE STATEMENT
Remainder of title an American approach to Montessori
260 ## - PUBLICATION, DISTRIBUTION, ETC. (IMPRINT)
Place of publication, distribution, etc Baltimore MD
260 ## - PUBLICATION, DISTRIBUTION, ETC. (IMPRINT)
Name of publisher, distributor, etc Helicon Pr.
260 ## - PUBLICATION, DISTRIBUTION, ETC. (IMPRINT)
-- 1962
300 ## - PHYSICAL DESCRIPTION
Extent 180p
650 ## - SUBJECT ADDED ENTRY--TOPICAL TERM
Topical term following geographic name as entry element Right -- Reason
700 ## - ADDED ENTRY--PERSONAL NAME
Personal name foreword by George N. Schuster
942 00 - ADDED ENTRY ELEMENTS (KOHA)
Koha issues (borrowed), all copies 3
Holdings
Withdrawn status Lost status Source of classification or shelving scheme Damaged status Not for loan Collection code Home library Current library Shelving location Date acquired Total Checkouts Full call number Barcode Date last seen Date checked out Copy number Price effective from Koha item type
    Library of Congress Classification     Main Collection ARRUPE LIBRARY ARRUPE LIBRARY   04/03/2013 3 LB775.M8R34 46003050836 28/06/2018 21/07/2015 1 04/03/2013 Monograph ( Printed materials)

 

Arrupe Library. PO Box MP320 Mt Pleasant, Harare, Zimbabwe
263 242 745411|librarian@aju.ac.zw